Statistics for Countries With the Most Portuguese Speakers

Click here to take the quiz!

General Stats

  • This quiz has been taken 2,943 times
  • The average score is 10 of 14

Answer Stats

# Speakers%Country% Correct
212,000,00099.8Brazil
100%
10,022,07095.1Portugal
100%
746,0180.2United States
86%
18,348,89171.2Angola
81%
142,6220.2United Kingdom
78%
1,089,4971.3France
77%
221,5400.7Canada
74%
2,201,98110.7Mozambique
74%
105,1160.1Germany
68%
52,2220.2Australia
59%
47,8480.3Netherlands
45%
72,7150.7Belgium
44%
309,2703.7Switzerland
39%
74,63615.7Luxembourg
27%

Score Distribution

Percentile by Number Answered

Percent of People with Each Score

Your Score History

You have not taken this quiz